000 00461nam a2200193Ia 4500
008 101110s9999 xx 000 0 und d
041 _aENGLISH
082 _bJR706
100 _aSrivastav P.K.
245 _aBanking : Theory of Practice
365 _b15
520 _aCommerce
546 _aENGLISH
630 _aBanking : Theory of Practice
650 _aCommerce
655 _aCommerce
730 _aBanking : Theory of Practice
942 _cBOOK
999 _c793464
_d793461